[Event "Schachfestival 2016 - Open"]
[Site "Schachfestival 2016 - Open"]
[Date "2016.03.02"]
[Round "7.78"]
[White "Herold, Gunther"]
[Black "Natterer, Winfried"]
[Result "1-0"]
[WhiteElo "1926"]
[BlackElo "1794"]
[Annotator "chessorg"]
[PlyCount "55"]
[EventDate "2016.??.??"]
[WhiteTeam "SK Oberguenzburg"]

1. e4 e6 2. d3 d5 3. Qe2 Be7 4. Nf3 c5 5. g3 Bd7 6. Bg2 Bc6 7. e5 Nd7 8. O-O h5
9. h4 Nh6 10. Ng5 g6 11. c4 Nb6 12. Nc3 Nf5 13. b3 a5 14. a4 Nd4 15. Qb2 O-O
16. Ne2 dxc4 17. Nxd4 cxd4 18. dxc4 Bc5 19. Bxc6 bxc6 20. Ne4 Qe7 21. Bg5 f6
22. exf6 Qa7 23. Nxc5 e5 24. Ne4 Nd7 25. Bh6 Rf7 26. Bg7 Nc5 27. Nxc5 Qxc5 28.
Qd2 1-0

[Event "Schachfestival 2016 - Open"]
[Site "Schachfestival 2016 - Open"]
[Date "2016.03.02"]
[Round "7.16"]
[White "Khudovekov, Stanislav"]
[Black "Steinbacher, Matthias"]
[Result "0-1"]
[WhiteElo "2113"]
[BlackElo "2300"]
[Annotator "chessorg"]
[PlyCount "44"]
[EventDate "2016.??.??"]
[BlackTeam "ohne"]

1. c4 Nf6 2. g3 g6 3. Bg2 Bg7 4. Nc3 O-O 5. e4 c5 6. Nge2 Nc6 7. d3 Rb8 8. O-O
a6 9. Be3 d6 10. h3 b5 11. cxb5 axb5 12. d4 b4 13. Na4 Nxd4 14. Nxd4 cxd4 15.
Bxd4 e5 16. Ba7 Rb5 17. Qc2 Be6 18. Rfd1 Qa5 19. Bb6 Rxb6 20. Nxb6 Qxb6 21. b3
h5 22. Rd3 d5 0-1

[Event "Schachfestival 2016 - Open"]
[Site "Schachfestival 2016 - Open"]
[Date "2016.03.02"]
[Round "7.23"]
[White "Hornung, Hans"]
[Black "Weisenburger, Horst"]
[Result "0-1"]
[WhiteElo "2051"]
[BlackElo "2162"]
[Annotator "chessorg"]
[PlyCount "64"]
[EventDate "2016.??.??"]
[WhiteTeam "SK Klosterlechfeld"]
[BlackTeam "SC Boeblingen"]

1. Nf3 f5 2. g3 g6 3. Bg2 Bg7 4. d4 Nf6 5. O-O O-O 6. b3 d6 7. Bb2 c6 8. Nbd2
Ne4 9. Ne1 Nxd2 10. Qxd2 Nd7 11. Nd3 e5 12. dxe5 dxe5 13. Rad1 Qe7 14. Qa5 b6
15. Qa3 Qe6 16. Nb4 e4 17. Bxg7 Kxg7 18. f3 Nf6 19. fxe4 fxe4 20. Na6 Qe5 21.
c4 Bb7 22. c5 Rf7 23. b4 Raf8 24. b5 cxb5 25. cxb6 Bxa6 26. Qxa6 Qc5+ 27. Kh1
Ng4 28. bxa7 Rxf1+ 29. Bxf1 Nf2+ 30. Kg2 Nxd1 31. Qb7+ Kh6 32. e3 Nxe3+ 0-1

[Event "Schachfestival 2016 - Open"]
[Site "Schachfestival 2016 - Open"]
[Date "2016.03.02"]
[Round "7.24"]
[White "Schweiger, Georg"]
[Black "Deues, Erik"]
[Result "0-1"]
[WhiteElo "2158"]
[BlackElo "2019"]
[Annotator "chessorg"]
[PlyCount "76"]
[EventDate "2016.??.??"]
[WhiteTeam "SU Grafing-Ebersberg"]
[BlackTeam "SK Germering e. V."]

1. e4 c5 2. Nf3 Nc6 3. Bb5 g6 4. Bxc6 dxc6 5. h3 Bg7 6. d3 b6 7. O-O h6 8. Nc3
e5 9. Be3 Ne7 10. Nh2 g5 11. Ne2 Ng6 12. Ng3 Nf4 13. Nh5 Nxh5 14. Qxh5 Be6 15.
Rfd1 Qc7 16. a4 a5 17. Nf1 O-O-O 18. Qe2 Bf6 19. f3 h5 20. Qf2 Kb7 21. c3 Be7
22. d4 cxd4 23. cxd4 exd4 24. Rxd4 Rxd4 25. Bxd4 Rd8 26. Be3 g4 27. hxg4 hxg4
28. f4 Bc4 29. Nd2 Bd3 30. b3 Bb4 31. Nc4 c5 32. e5 Bxc4 33. bxc4 Rd3 34. Qe2
Qd7 35. f5 Qxf5 36. Rf1 Qe4 37. Rxf7+ Ka6 38. Kf2 g3+ 0-1

[Event "Schachfestival 2016 - Open"]
[Site "Schachfestival 2016 - Open"]
[Date "2016.03.02"]
[Round "7.32"]
[White "Astengo, Corrado"]
[Black "Wawor, Gerhard"]
[Result "1-0"]
[WhiteElo "2108"]
[BlackElo "1940"]
[Annotator "chessorg"]
[PlyCount "69"]
[EventDate "2016.??.??"]
[WhiteTeam "Mendrisio"]

1. e4 e6 2. d4 d5 3. Nd2 Nf6 4. e5 Nfd7 5. Bd3 c5 6. c3 Nc6 7. Ne2 cxd4 8. cxd4
f6 9. exf6 Nxf6 10. O-O Bd6 11. Nf3 Qc7 12. Bg5 O-O 13. Qc2 Nb4 14. Qxc7 Bxc7
15. Bb5 a6 16. Ba4 Bd6 17. Bf4 Bxf4 18. Nxf4 Ne4 19. Ne2 b5 20. Bb3 Nd3 21.
Rab1 Rxf3 22. gxf3 Nd2 23. Rbd1 Nxf3+ 24. Kg2 Nxd4 25. Nxd4 Nxb2 26. Rde1 Kf7
27. Re2 Nd3 28. Re3 Nf4+ 29. Kf3 g5 30. Rc1 Kf6 31. Rc7 h5 32. Rec3 e5 33.
R3c6+ Be6 34. Nxe6 g4+ 35. Ke3 1-0

[Event "Schachfestival 2016 - Open"]
[Site "Schachfestival 2016 - Open"]
[Date "2016.03.02"]
[Round "7.36"]
[White "Tennstedt, Andreas"]
[Black "Hoeller, Armin"]
[Result "0-1"]
[WhiteElo "2140"]
[BlackElo "2008"]
[Annotator "chessorg"]
[PlyCount "32"]
[EventDate "2016.??.??"]
[WhiteTeam "SV Griesheim (DA)"]
[BlackTeam "SV Ilmmuenster"]

1. d4 f5 2. e4 fxe4 3. Nc3 Nf6 4. Bg5 Nc6 5. d5 Ne5 6. Qd4 Nf7 7. h4 c6 8.
O-O-O Qb6 9. Bxf6 gxf6 10. Qxe4 Qxf2 11. Nf3 Bh6+ 12. Kb1 Qe3 13. Qa4 b5 14.
Qb3 a5 15. Bd3 Qf4 16. Rhe1 a4 0-1

[Event "Schachfestival 2016 - Open"]
[Site "Schachfestival 2016 - Open"]
[Date "2016.03.02"]
[Round "7.38"]
[White "Fiedler, Wolfgang"]
[Black "Eck, Mathias"]
[Result "1/2-1/2"]
[WhiteElo "2004"]
[BlackElo "2080"]
[Annotator "chessorg"]
[PlyCount "28"]
[EventDate "2016.??.??"]
[WhiteTeam "SK Zirndorf e.V."]
[BlackTeam "Schachforum Darmstadt"]

1. f4 d5 2. Nf3 c6 3. e3 Bg4 4. d4 e6 5. Bd3 Bxf3 6. Qxf3 f5 7. Qh5+ g6 8. Qe2
Nf6 9. Nd2 Nbd7 10. c3 Nb6 11. b3 Nc8 12. O-O Nd6 13. a4 Be7 14. Ba3 Nde4
1/2-1/2

[Event "Schachfestival 2016 - Open"]
[Site "Schachfestival 2016 - Open"]
[Date "2016.03.02"]
[Round "7.42"]
[White "Ballon, Guenther Jan"]
[Black "Distelrath, Oliver"]
[Result "1/2-1/2"]
[WhiteElo "2033"]
[BlackElo "1964"]
[Annotator "chessorg"]
[PlyCount "62"]
[EventDate "2016.??.??"]
[WhiteTeam "Caissa Amsterdam"]
[BlackTeam "SV Unser Fritz Wanne-Eickel"]

1. d4 Nf6 2. c4 c5 3. d5 b5 4. cxb5 a6 5. bxa6 g6 6. Nc3 Bxa6 7. Nf3 Bg7 8. g3
O-O 9. Bg2 d6 10. O-O Nbd7 11. Re1 Qa5 12. e4 Ng4 13. Bd2 Nge5 14. Nxe5 Nxe5
15. Bf1 Bxf1 16. Rxf1 Nc4 17. Qc2 Rfb8 18. Rab1 Nxd2 19. Qxd2 Bxc3 20. bxc3
Rxb1 21. Rxb1 Qxa2 22. Qxa2 Rxa2 23. Re1 Rc2 24. Re3 Kf8 25. Kf1 f6 26. Ke1 Kf7
27. h3 g5 28. g4 Rc1+ 29. Ke2 Rc2+ 30. Ke1 Rc1+ 31. Ke2 Rc2+ 1/2-1/2

[Event "Schachfestival 2016 - Open"]
[Site "Schachfestival 2016 - Open"]
[Date "2016.03.02"]
[Round "7.48"]
[White "Carrasco, Paul"]
[Black "Buchaeckert, Juergen"]
[Result "1/2-1/2"]
[WhiteElo "2005"]
[BlackElo "1907"]
[Annotator "chessorg"]
[PlyCount "36"]
[EventDate "2016.??.??"]
[BlackTeam "SK 1912 Ludwigshafen"]

1. Nf3 Nf6 2. c4 g6 3. Nc3 Bg7 4. g3 O-O 5. Bg2 d5 6. cxd5 Nxd5 7. Nxd5 Qxd5 8.
O-O c5 9. d3 Nc6 10. Be3 Bd7 11. Nd4 Qd6 12. Nb5 Qe5 13. Rb1 Qh5 14. Bf3 Bg4
15. Bxg4 Qxg4 16. Qd2 b6 17. Kg2 Rad8 18. Rfe1 e5 1/2-1/2

[Event "Schachfestival 2016 - Open"]
[Site "Schachfestival 2016 - Open"]
[Date "2016.03.02"]
[Round "7.50"]
[White "Eschle, Hubert"]
[Black "Lindenmair, Anton"]
[Result "1/2-1/2"]
[WhiteElo "1905"]
[BlackElo "2002"]
[Annotator "chessorg"]
[PlyCount "30"]
[EventDate "2016.??.??"]
[WhiteTeam "SR Spaichingen"]
[BlackTeam "SK Keres-Augsburg 1980"]

1. e4 e5 2. d3 Bc5 3. g3 Nc6 4. Bg2 d6 5. Nf3 Nf6 6. O-O O-O 7. c3 a6 8. h3 Re8
9. Nbd2 Bb6 10. Nc4 Ba7 11. Be3 Bxe3 12. Nxe3 d5 13. exd5 Nxd5 14. Nxd5 Qxd5
15. Re1 Qd6 1/2-1/2

[Event "Schachfestival 2016 - Open"]
[Site "Schachfestival 2016 - Open"]
[Date "2016.03.02"]
[Round "7.51"]
[White "Ellinger, Peter"]
[Black "Blaeser, Romain"]
[Result "1/2-1/2"]
[WhiteElo "1960"]
[BlackElo "1887"]
[Annotator "chessorg"]
[PlyCount "32"]
[EventDate "2016.??.??"]
[WhiteTeam "DBSB"]
[BlackTeam "Differdange"]

1. e4 d5 2. exd5 Nf6 3. d4 Nxd5 4. c4 Nb6 5. c5 N6d7 6. Nf3 e5 7. Bc4 Be7 8. b4
exd4 9. Bb2 O-O 10. O-O b6 11. cxb6 Nxb6 12. Qb3 Nxc4 13. Qxc4 Be6 14. Qc2 d3
15. Qd2 Nc6 16. a3 Bf6 1/2-1/2

[Event "Schachfestival 2016 - Open"]
[Site "Schachfestival 2016 - Open"]
[Date "2016.03.02"]
[Round "7.80"]
[White "Bergen, Klaus"]
[Black "Kluegel, Jan"]
[Result "1/2-1/2"]
[WhiteElo "1912"]
[BlackElo "1900"]
[Annotator "chessorg"]
[PlyCount "26"]
[EventDate "2016.??.??"]
[WhiteTeam "Austrian Airlines"]
[BlackTeam "SV VHS Rendsburg"]

1. e4 c6 2. d4 d5 3. Nc3 g6 4. Nf3 Bg7 5. exd5 cxd5 6. Be2 Bg4 7. O-O Nf6 8. h3
Bxf3 9. Bxf3 O-O 10. Bg5 e6 11. Qd2 Nc6 12. Rad1 h6 13. Be3 Kh7 1/2-1/2

[Event "Schachfestival 2016 - Open"]
[Site "Bad Woerishofen"]
[Date "2016.03.04"]
[Round "8.1"]
[White "Kveinys, Aloyzas"]
[Black "Werle, Jan"]
[Result "1/2-1/2"]
[WhiteElo "2524"]
[BlackElo "2545"]
[PlyCount "127"]
[EventDate "2016.??.??"]

1. d4 Nf6 2. c4 e6 3. Nc3 Bb4 4. e3 c5 5. Bd3 Nc6 6. Nf3 Bxc3+ 7. bxc3 d6 8. e4
e5 9. d5 Ne7 10. Nh4 h6 11. g3 O-O 12. O-O Bh3 13. Ng2 Nh7 14. f4 f5 15. fxe5
dxe5 16. exf5 Bxf5 17. Bxf5 Nxf5 18. Qg4 Qc8 19. Bd2 Rf6 20. Qe2 Nd6 21. Qxe5
Qe8 22. Qe3 Nxc4 23. Qd3 Ne5 24. Qe3 Nc4 25. Qd3 Nxd2 26. Qxd2 Qe4 27. d6 Rd8
28. Rxf6 Nxf6 29. Nf4 Ng4 30. Rd1 Qe3+ 31. Qxe3 Nxe3 32. Ne6 Rd7 33. Nxc5 Nxd1
34. Nxd7 Nxc3 35. Nc5 Kf7 36. a3 Nb5 37. d7 Ke7 38. a4 Nd6 39. Ne6 Kxd7 40.
Nxg7 a5 41. Kf2 Kc6 42. g4 Kc5 43. Nf5 Nf7 44. Ke3 Kb4 45. Kd2 Kxa4 46. Kc2 Kb4
47. h4 b5 48. Ng7 Kc4 49. Ne6 b4 50. g5 hxg5 51. hxg5 Ne5 52. Nf4 Nf3 53. g6
Nd4+ 54. Kb2 Nf5 55. Ng2 Ne7 56. g7 Kd5 57. Nf4+ Ke4 58. Ng6 Ng8 59. Kb3 Kf5
60. Nh4+ Kf6 61. Nf3 Kxg7 62. Ne5 Ne7 63. Nc4 Nc6 64. Nxa5 1/2-1/2

[Event "Schachfestival 2016 - Open"]
[Site "Bad Woerishofen"]
[Date "2016.03.04"]
[Round "8.3"]
[White "Pap, Misa"]
[Black "Pezerovic, Edin"]
[Result "1-0"]
[WhiteElo "2483"]
[BlackElo "2423"]
[PlyCount "79"]
[EventDate "2016.??.??"]

1. e4 c6 2. d4 d5 3. Nd2 g6 4. h3 Bg7 5. Ngf3 dxe4 6. Nxe4 Nd7 7. Bc4 Ngf6 8.
Nxf6+ Nxf6 9. O-O O-O 10. Bf4 b6 11. Re1 Bb7 12. Qe2 e6 13. Rad1 Qe7 14. Bb3
Rfe8 15. c4 Rad8 16. Qc2 Nh5 17. Bh2 c5 18. d5 Qf6 19. Ba4 Rf8 20. Be5 Qf5 21.
Qxf5 gxf5 22. Bc7 Ra8 23. Ne5 Rfc8 24. d6 Bxe5 25. Rxe5 Nf6 26. Re3 Kf8 27. f3
h5 28. Ra3 h4 29. d7 Rxc7 30. d8=Q+ Rxd8 31. Rxd8+ Kg7 32. Bb5 Bc8 33. Rad3 Nh5
34. R3d6 a6 35. Bd7 Bb7 36. Bxe6 Nf4 37. R8d7 Rxd7 38. Bxd7 b5 39. cxb5 axb5
40. Bxb5 1-0

[Event "Schachfestival 2016 - Open"]
[Site "Bad Woerishofen"]
[Date "2016.03.04"]
[Round "8.5"]
[White "Cocchi, Andrea"]
[Black "Chatalbashev, Boris"]
[Result "0-1"]
[WhiteElo "2230"]
[BlackElo "2563"]
[PlyCount "60"]
[EventDate "2016.??.??"]

1. Nf3 g6 2. c4 Bg7 3. Nc3 e5 4. g3 d6 5. Bg2 f5 6. O-O Nf6 7. d3 O-O 8. Rb1 a5
9. c5 Nc6 10. cxd6 cxd6 11. Qb3+ Kh8 12. Bg5 h6 13. Bxf6 Qxf6 14. e3 Be6 15.
Qb5 Qf7 16. Nd2 a4 17. Nc4 e4 18. Nxd6 Qd7 19. Nc4 Qxd3 20. Nb6 Qxb5 21. Nxb5
Ra5 22. Nd6 Bxa2 23. Rbc1 Ra6 24. Nd7 Rd8 25. Nxb7 Rxd7 26. Nc5 Rda7 27. Nxa6
Rxa6 28. Rc2 Bb3 29. Rd2 Ne5 30. Rc1 Ra7 0-1

[Event "Schachfestival 2016 - Open"]
[Site "Bad Woerishofen"]
[Date "2016.03.04"]
[Round "8.6"]
[White "Bogner, Sebastian"]
[Black "Pirrot, Dieter"]
[Result "1-0"]
[WhiteElo "2539"]
[BlackElo "2380"]
[PlyCount "83"]
[EventDate "2016.??.??"]

1. d4 d5 2. c4 Nc6 3. Nc3 dxc4 4. Nf3 Nf6 5. e4 Bg4 6. Be3 e6 7. Bxc4 Bb4 8.
Qd3 O-O 9. Nd2 e5 10. d5 Na5 11. f3 Bd7 12. a3 Bxc3 13. Qxc3 c6 14. d6 b5 15.
Ba2 Re8 16. O-O Be6 17. a4 Nb7 18. Qxc6 Nxd6 19. axb5 Rc8 20. Qa6 Rc2 21. Bxe6
Rxe6 22. Rfd1 h6 23. Qa4 Qc8 24. Bxa7 Nh5 25. Be3 Kh7 26. Qa6 Qd7 27. b6 Rg6
28. Qf1 Nf4 29. g3 f5 30. Kh1 Nh5 31. Qh3 Nf6 32. Ra7 Qe6 33. b4 Qc8 34. Bc5
Ng4 35. fxg4 Nxe4 36. Nxe4 Qc6 37. gxf5 Qxe4+ 38. Kg1 Rd6 39. Raa1 Rxc5 40.
Rxd6 Qe3+ 41. Kh1 Rc2 42. Qxh6+ 1-0

[Event "Schachfestival 2016 - Open"]
[Site "Bad Woerishofen"]
[Date "2016.03.04"]
[Round "8.7"]
[White "Zude, Arno"]
[Black "Dehlinger, Alexander"]
[Result "1/2-1/2"]
[WhiteElo "2389"]
[BlackElo "2234"]
[PlyCount "88"]
[EventDate "2016.??.??"]

1. e4 c5 2. Nf3 Nc6 3. d4 cxd4 4. Nxd4 Nf6 5. Nc3 e5 6. Ndb5 d6 7. Bg5 a6 8.
Na3 b5 9. Bxf6 gxf6 10. Nd5 f5 11. Bd3 Be6 12. c3 Bg7 13. Nxb5 axb5 14. Bxb5
Bd7 15. exf5 Nb8 16. a4 Kf8 17. O-O Bxf5 18. Qf3 Bc8 19. Nb6 Ra7 20. Nxc8 Qxc8
21. Rfd1 Qc7 22. Rd5 Ke7 23. Rad1 Rd8 24. Qd3 Bf6 25. Qf5 Na6 26. R5d3 Qc8 27.
Qxc8 Rxc8 28. Rxd6 Nc5 29. g3 Nxa4 30. Rd7+ Rxd7 31. Rxd7+ Ke6 32. Rb7 Nc5 33.
Ra7 Rb8 34. Bc4+ Kf5 35. b4 Rb7 36. Rxb7 Nxb7 37. Bxf7 e4 38. Bg8 h6 39. Bh7+
Ke5 40. Kf1 Kd5 41. Bg8+ Kd6 42. Bh7 Kd5 43. Bg8+ Kd6 44. Bh7 Kd5 1/2-1/2

[Event "Schachfestival 2016 - Open"]
[Site "Bad Woerishofen"]
[Date "2016.03.04"]
[Round "8.8"]
[White "Friedrich, Norbert"]
[Black "Singer, Christoph"]
[Result "1/2-1/2"]
[WhiteElo "2209"]
[BlackElo "2316"]
[PlyCount "69"]
[EventDate "2016.??.??"]

1. e4 e5 2. Nf3 Nc6 3. Bb5 Nf6 4. O-O Nxe4 5. Re1 Nd6 6. Nxe5 Be7 7. Bf1 Nxe5
8. Rxe5 O-O 9. Nc3 Ne8 10. Nd5 Bd6 11. Re1 c6 12. Ne3 Bc7 13. Nf5 d5 14. Ne7+
Kh8 15. Nxc8 Rxc8 16. d3 Nf6 17. Qf3 d4 18. g3 Ba5 19. Re5 Nd5 20. Bh3 Rc7 21.
a3 Re8 22. Re4 Rce7 23. b4 Bb6 24. Bg5 f6 25. Bd2 Nc3 26. Bxc3 dxc3 27. Rae1
Qd6 28. Rxe7 Rxe7 29. Rxe7 Qxe7 30. Qe4 Qxe4 31. dxe4 Bd4 32. Bc8 b6 33. Kf1
Kg8 34. Ke2 Kf7 35. Bb7 1/2-1/2

[Event "Schachfestival 2016 - Open"]
[Site "Bad Woerishofen"]
[Date "2016.03.04"]
[Round "8.10"]
[White "Weisenburger, Horst"]
[Black "De Santis, Alessio"]
[Result "1/2-1/2"]
[WhiteElo "2162"]
[BlackElo "2308"]
[PlyCount "69"]
[EventDate "2016.??.??"]

1. d4 Nf6 2. g3 Nc6 3. d5 Ne5 4. Qd4 d6 5. f4 c5 6. Qf2 Ned7 7. Bg2 g6 8. e4
Bg7 9. Ne2 O-O 10. O-O b5 11. h3 Rb8 12. g4 Nb6 13. Nbc3 b4 14. Nd1 e6 15. g5
Ne8 16. dxe6 fxe6 17. Ne3 e5 18. Nd5 Nxd5 19. exd5 Nc7 20. Qg3 Ba6 21. Re1 Qd7
22. fxe5 Bxe5 23. Bf4 Rbe8 24. Bxe5 Rxe5 25. Nf4 Qf5 26. Ne6 Nxe6 27. Rxe5 Qxe5
28. Qxe5 dxe5 29. dxe6 Bc4 30. Re1 Rf5 31. h4 Kf8 32. Bh3 Rf3 33. Bg2 Rf5 34.
Bh3 Rf3 35. Bg2 1/2-1/2

[Event "Schachfestival 2016 - Open"]
[Site "Bad Woerishofen"]
[Date "2016.03.03"]
[Round "8.18"]
[White "Kannenberg, Karl-Heinz"]
[Black "Remensberger, Paul"]
[Result "1-0"]
[WhiteElo "2246"]
[BlackElo "2045"]
[Annotator "chessorg"]
[PlyCount "61"]
[EventDate "2016.??.??"]
[WhiteTeam "SC Kitzingen von 1905"]
[BlackTeam "Herrliberg"]

1. d4 d6 2. Nf3 Nf6 3. e3 g6 4. Be2 Bg7 5. O-O O-O 6. c4 Bg4 7. h3 Bxf3 8. Bxf3
Nc6 9. b4 d5 10. b5 Nb8 11. Nc3 e6 12. cxd5 exd5 13. Qb3 c6 14. bxc6 bxc6 15.
Ba3 Re8 16. Na4 Nbd7 17. Rfc1 Rb8 18. Qc3 Re6 19. Nc5 Nxc5 20. Bxc5 Rb7 21.
Rab1 Qb8 22. Rb3 Rxb3 23. Qxb3 Qa8 24. Qa4 Re8 25. Qxa7 Qxa7 26. Bxa7 Ra8 27.
Bb6 Nd7 28. Rxc6 Ra6 29. Rc8+ Bf8 30. Bd8 Rxa2 31. Be7 1-0

[Event "Schachfestival 2016 - Open"]
[Site "Bad Woerishofen"]
[Date "2016.03.03"]
[Round "8.20"]
[White "Stabolewski, Andreas"]
[Black "Felgendreher, Heiko"]
[Result "1-0"]
[WhiteElo "2064"]
[BlackElo "2219"]
[Annotator "chessorg"]
[PlyCount "63"]
[EventDate "2016.??.??"]
[WhiteTeam "SC Uetze-Haenigsen"]
[BlackTeam "Freibauer Moerlenbach"]

1. c4 Nf6 2. g3 g6 3. Bg2 d5 4. cxd5 Nxd5 5. Nc3 Nxc3 6. bxc3 Bg7 7. Nf3 O-O 8.
O-O c5 9. Rb1 Qc7 10. Qa4 Nc6 11. Qh4 e5 12. d3 Ne7 13. g4 f6 14. g5 f5 15.
Qc4+ Kh8 16. Ba3 b6 17. Nxe5 Qxe5 18. Bxa8 Be6 19. Qa6 Rxa8 20. d4 Qf4 21. Kh1
Re8 22. f3 Qxg5 23. dxc5 Qh4 24. Qb5 Rd8 25. cxb6 Nd5 26. bxa7 Nxc3 27. Qb8 Bf6
28. a8=Q Bd5 29. Qa5 Nxb1 30. Rxb1 Rxb8 31. Rxb8+ Kg7 32. Bf8+ 1-0

[Event "Schachfestival 2016 - Open"]
[Site "Bad Woerishofen"]
[Date "2016.03.03"]
[Round "8.22"]
[White "Hildenbrand, Peter"]
[Black "Hamlack, Heinz"]
[Result "1-0"]
[WhiteElo "2194"]
[BlackElo "2015"]
[Annotator "chessorg"]
[PlyCount "93"]
[EventDate "2016.??.??"]
[WhiteTeam "SC 1926 Leimen"]
[BlackTeam "Post-SV Memmingen e.V."]

1. e4 d6 2. d4 Nf6 3. Nc3 e5 4. dxe5 dxe5 5. Qxd8+ Kxd8 6. Bc4 Bb4 7. Bd2 Ke7
8. a3 Bd6 9. Bg5 c6 10. O-O-O h6 11. Bh4 b5 12. Bxf7 Bxa3 13. bxa3 Kxf7 14. Nf3
Re8 15. h3 a5 16. Rhe1 Ra7 17. g4 Rd7 18. Bg3 Rxd1+ 19. Nxd1 Nbd7 20. Nb2 Bb7
21. Nd3 c5 22. Ndxe5+ Nxe5 23. Nxe5+ Ke6 24. f3 Rd8 25. Nd3 Rc8 26. Bf2 Nd7 27.
Rd1 g5 28. Kd2 c4 29. Ne1 Ne5 30. c3 b4 31. axb4 axb4 32. cxb4 c3+ 33. Kc2 Nxf3
34. Bc5 Nd2 35. e5 Ne4 36. Bd4 Rc4 37. Nd3 Rxd4 38. Nc5+ Nxc5 39. Rxd4 Kxe5 40.
Kxc3 Ne4+ 41. Kd3 Nd6 42. Ke3 h5 43. Rd1 hxg4 44. hxg4 Bd5 45. Ra1 Nc4+ 46. Kd3
Be6 47. Re1+ 1-0

[Event "Schachfestival 2016 - Open"]
[Site "Bad Woerishofen"]
[Date "2016.03.03"]
[Round "8.12"]
[White "Juhnke, Juergen"]
[Black "Mueller, Martin"]
[Result "0-1"]
[WhiteElo "2214"]
[BlackElo "2133"]
[Annotator "chessorg"]
[PlyCount "84"]
[EventDate "2016.??.??"]
[WhiteTeam "SK Lister Turm"]
[BlackTeam "SV Unser Fritz Wanne-Eickel 1955 e.V."]

1. e4 e6 2. d4 d5 3. Nd2 Nf6 4. e5 Nfd7 5. f4 c5 6. c3 Nc6 7. Ndf3 Qb6 8. g3
cxd4 9. cxd4 Bb4+ 10. Kf2 g5 11. fxg5 Ndxe5 12. Nxe5 Nxe5 13. Kg2 Nc6 14. Nf3
Bd6 15. b3 Bd7 16. Bf4 Bxf4 17. gxf4 O-O-O 18. Rc1 Kb8 19. Rc5 f6 20. a4 e5 21.
fxe5 fxe5 22. a5 Qb4 23. a6 e4 24. Ne1 Nxd4 25. Rxd5 Bc6 26. Nc2 Qe7 27. Rxd4
e3+ 28. Kh3 Bxh1 29. axb7 Qxg5 30. Qg4 Qxg4+ 31. Kxg4 Rxd4+ 32. Nxd4 Rf8 33.
Bc4 Rf2 34. h4 Kxb7 35. Kg3 Kb6 36. Be2 Kc5 37. Ne6+ Kb4 38. Bc4 Kc3 39. Ng5 h6
40. Nh3 Rg2+ 41. Kf3 Rh2+ 42. Kg3 e2 0-1

[Event "Schachfestival 2016 - Open"]
[Site "Bad Woerishofen"]
[Date "2016.03.03"]
[Round "8.13"]
[White "Deues, Erik"]
[Black "Zuse, Peter"]
[Result "0-1"]
[WhiteElo "2019"]
[BlackElo "2213"]
[Annotator "chessorg"]
[PlyCount "80"]
[EventDate "2016.??.??"]
[WhiteTeam "SK Germering e. V."]
[BlackTeam "Klub Koelner SF e.V. 1967"]

1. d4 Nf6 2. c4 g6 3. Nc3 d5 4. cxd5 Nxd5 5. e4 Nxc3 6. bxc3 c5 7. Bc4 Bg7 8.
Ne2 Nc6 9. Be3 O-O 10. O-O e6 11. Qd2 b6 12. Rfd1 cxd4 13. cxd4 Bb7 14. Rac1
Na5 15. Bd3 Qd7 16. Qb4 Rfc8 17. Bb5 Rxc1 18. Rxc1 Qd8 19. Bd3 Rc8 20. Rxc8
Bxc8 21. f3 Bb7 22. Qa4 Bc6 23. Bb5 Qd7 24. Bxc6 Qxc6 25. Qxc6 Nxc6 26. a4 Kf8
27. Kf2 Ke7 28. Ke1 Na5 29. Bd2 Nc4 30. Bc3 Kd7 31. Nf4 e5 32. Ne2 exd4 33.
Nxd4 Ne3 34. Ke2 Nxg2 35. Kd3 Be5 36. Kc4 a6 37. h3 Nf4 38. h4 Ng2 39. Kd5 f6
40. Bd2 Nxh4 0-1

[Event "Schachfestival 2016 - Open"]
[Site "Bad Woerishofen"]
[Date "2016.03.03"]
[Round "8.14"]
[White "Mueller, Werner"]
[Black "Friedel, Marcus"]
[Result "0-1"]
[WhiteElo "2180"]
[BlackElo "2125"]
[Annotator "chessorg"]
[PlyCount "54"]
[EventDate "2016.??.??"]
[WhiteTeam "SK 1908 Goeggingen"]
[BlackTeam "SK 1926 Ettlingen"]

1. e4 e5 2. Nf3 Nc6 3. Bb5 Nf6 4. O-O Nxe4 5. d4 Nd6 6. dxe5 Nxb5 7. a4 Nbd4 8.
Nxd4 Bc5 9. Nf5 Bf8 10. Re1 d6 11. exd6+ Be6 12. Nc3 Qf6 13. d7+ Kd8 14. Ng3
Qd4 15. Bg5+ Kxd7 16. Qe2 Bd6 17. Rad1 Qg4 18. Qb5 Qb4 19. Nge4 a6 20. Qe2 Rae8
21. Bf4 Nd4 22. Qd2 Bxf4 23. Qxf4 Kc8 24. Ng5 Nxc2 25. Nxe6 Qxf4 26. Nxf4 Rxe1+
27. Rxe1 Nxe1 0-1

[Event "Schachfestival 2016 - Open"]
[Site "Bad Woerishofen"]
[Date "2016.03.03"]
[Round "8.16"]
[White "Budzyn, Matthias"]
[Black "Astengo, Corrado"]
[Result "0-1"]
[WhiteElo "2168"]
[BlackElo "2108"]
[Annotator "chessorg"]
[PlyCount "90"]
[EventDate "2016.??.??"]
[WhiteTeam "SG Turm Kiel von 1910"]
[BlackTeam "Mendrisio"]

1. e4 c5 2. c3 d5 3. exd5 Qxd5 4. d4 Nf6 5. Nf3 Bg4 6. dxc5 Qxd1+ 7. Kxd1 e5 8.
b4 e4 9. h3 Bh5 10. g4 Nxg4 11. hxg4 Bxg4 12. Nbd2 exf3 13. Bd3 Be7 14. Kc2 Nc6
15. Nc4 O-O-O 16. Bf4 g5 17. Nd6+ Bxd6 18. Bxd6 h5 19. b5 Rxd6 20. cxd6 Ne5 21.
Rag1 Rd8 22. Rxg4 hxg4 23. Bf5+ Kb8 24. Rd1 g3 25. fxg3 Nc4 26. Rd3 f2 27. Bh3
Rxd6 28. Bf1 Re6 29. Rd8+ Kc7 30. Rf8 Ne3+ 31. Kd3 Nxf1 32. Rxf7+ Kb6 33. Rxf2
Nxg3 34. Rg2 Ne4 35. Kd4 Kxb5 36. Kd5 Re8 37. c4+ Ka6 38. Kd4 Kb6 39. a4 Kc6
40. a5 a6 41. Rb2 Nd6 42. Rb6+ Kc7 43. Kd5 Re5+ 44. Kxe5 Nxc4+ 45. Kf5 Nxb6 0-1

[Event "Schachfestival 2016 - Open"]
[Site "Bad Woerishofen"]
[Date "2016.03.03"]
[Round "8.17"]
[White "Krulich, Roman"]
[Black "Pflaum, Stefan"]
[Result "1-0"]
[WhiteElo "2239"]
[BlackElo "2051"]
[Annotator "chessorg"]
[PlyCount "37"]
[EventDate "2016.??.??"]
[WhiteTeam "SG Schwabing Muenchen Nord e.V."]
[BlackTeam "SM Botnang"]

1. e4 e5 2. Nf3 Nc6 3. Bc4 Nf6 4. d3 Be7 5. O-O O-O 6. Re1 d6 7. a4 Bg4 8. h3
Be6 9. Nc3 Nd4 10. Nxd4 exd4 11. Nd5 c6 12. Nxe7+ Qxe7 13. Bg5 h6 14. Bh4 Bxc4
15. dxc4 c5 16. f4 Qe6 17. e5 Nd7 18. exd6 Qxc4 19. Be7 1-0

[Event "Schachfestival 2016 - Open"]
[Site "Bad Woerishofen"]
[Date "2016.03.03"]
[Round "8.29"]
[White "Behling, Robert"]
[Black "Keller, Alexander"]
[Result "1-0"]
[WhiteElo "2096"]
[BlackElo "1934"]
[Annotator "chessorg"]
[PlyCount "47"]
[EventDate "2016.??.??"]
[WhiteTeam "SAbt TSV Haunstetten"]
[BlackTeam "SK Buchloe"]

1. c4 Nf6 2. Nc3 e6 3. e4 c5 4. e5 Ng8 5. d4 cxd4 6. Qxd4 Nc6 7. Qe4 d6 8. Nf3
dxe5 9. Nxe5 Nxe5 10. Qxe5 a6 11. Bf4 f6 12. Qh5+ g6 13. Qf3 e5 14. Rd1 Qa5 15.
Bd2 Bb4 16. a3 Bxc3 17. Bxc3 Qb6 18. Bd3 Nh6 19. c5 Qe6 20. Be4 Rb8 21. Rd6 Qc4
22. Bd5 Qf4 23. Qxf4 exf4 24. Bxf6 1-0